| 000 | 00654nam a2200193Ia 4500 | ||
|---|---|---|---|
| 008 | 220216s9999 xx 000 0 und d | ||
| 100 | _aJoseph K.[a] | ||
| 245 | 0 | _aEcofriendly approaches for the control of mould growth of sheet rubber | |
| 260 |
_bIn: Preprints of Papers. International Natural Rubber Conference, India 2005, 6-8 November 2005, Rubber Research Institute of India, Kottayam, Kerala, India, pp. 470-474. _c2005 |
||
| 650 | _aAntagonism | ||
| 650 | _aMould growth | ||
| 650 | _aSheet rubber | ||
| 700 | _aGeorge J. | ||
| 700 | _aJacob C.K. | ||
| 700 | _aPhilip S. | ||
| 700 | _aRakhee R. | ||
| 700 | _aVarghese L. | ||
| 942 | _cBS | ||
| 999 |
_c52559 _d52559 |
||